LEADER 01058nam0-22003371i-450- 001 990005606730403321 005 20120430105925.0 035 $a000560673 035 $aFED01000560673 035 $a(Aleph)000560673FED01 035 $a000560673 100 $a19990604d1981----km-y0itay50------ba 101 0 $aita 102 $aIT 105 $aa---ab--001-y 200 1 $aDa Tiziano a El Greco$eper la storia del manierismo a Venezia, 1540-1590$ePalazzo Ducale, Settembre-Dicembre 1981 210 $aVenezia$cElecta$d1981 215 $a349 p.$cill.$d25 cm 610 0 $aPittura manierista$aVenezia$a1540-1590$aEsposizioni$a1981 676 $a759.531 712 01$aVenezia.$bAssessorato alla cultura 801 0$aIT$bUNINA$gRICA$2UNIMARC 901 $aBK 912 $a990005606730403321 952 $a759.531 MOSTRE VENEZIA 1981$bST.ARTE 14548$fFLFBC 952 $a759.531 MOSTRE VENEZIA 1981 BIS$bBibl.58948$fFLFBC 952 $a15.005$b7484$fDARST 959 $aFLFBC 959 $aDARST 996 $aDa Tiziano a El Greco$9268912 997 $aUNINA LEADER 02545cam0-22007211i-450- 001 990001313220403321 005 20090401125612.0 010 $a88-214-0409-9$bvol. 1, parte 2 010 $a88-214-0408-0$bvol. 2, parte 2 010 $a88-214-0405-6$bvol. 1, parte 1 010 $a88-214-0407-2$bvol. 2, parte 2 010 $a88-214-0406-4$bvol. 3 035 $a000131322 035 $aFED01000131322 035 $a(Aleph)000131322FED01 035 $a000131322 100 $a20001205g19851991km-y0itay50------ba 101 2 $aita$aeng 102 $aIT 105 $aa-------001yy 200 1 $a<>fisica di Feynman$fRichard P. Feynman, Robert B. Leighton, Matthew Sands 210 $aMilano [etc.]$cMasson$dc1985-1991 215 $a3 v. in 5$cill.$d21x26 cm 327 1 $a1.: Principalmente sulla meccanica, radiazione, e calore = Mainly mechanics, radiation, and heat / traduzione a cura di E. Clementel, S. Focardi e L. Monari ; coordinatore: M. Cresti$a2.: Principalmente elettromagnetismo e struttura della materia = Mainly electromagnetism and matter / traduzione a cura di S. Franchetti ; coordinatore: G. Toraldo di Francia$a3.: Meccanica quantistica = Quantum mechanics / traduzione a cura di G. Altarelli e C. Chiuderi ; coordinatore G. Toraldo Di Francia 610 0 $aFisica 610 0 $aRadiazione 610 0 $aElettromagnetismo 610 0 $aMateria$aStruttura 610 0 $aMeccanica quantistica 676 $a531 676 $a530.12 676 $a530 700 1$aFeynman,$bRichard Phillips$046772 701 1$aLeighton,$bRobert B.$0757 701 1$aSands,$bMatthew$0758 801 0$aIT$bUNINA$gRICA$2UNIMARC 901 $aBK 912 $a990001313220403321 952 $aBF-73-0018(1-2$b16525$fMA1 952 $aBF-73-0018(1-1$b16523$fMA1 952 $aBF-73-0019(1-1$b16524$fMA1 952 $aBF-73-0019(1-2$b16526$fMA1 952 $a13 N 33 04$b2522$fFINBC 952 $a13 N 33 05$b2473$fFINBC 952 $a13 H 11 01$b143$fFINBC 952 $a13 N 33 08$b2475$fFINBC 952 $aBF-73-0018(3$b16530$fMA1 952 $aBF-73-0019(3$b16531$fMA1 952 $aBF-73-0018(2-2$b16528$fMA1 952 $aBF-73-0018(2-1$b16527$fMA1 952 $aBF-73-0019(2-1$b16925$fMA1 952 $aBF-73-0019(2-2$b16529$fMA1 959 $aMA1 959 $aFINBC 962 $a70-01 962 $a78-01 962 $a80-01 962 $a81-01 962 $a81SXX 962 $a82-01 962 $a73-01 996 $aFisica di Feynman$981072 997 $aUNINA LEADER 02198nam 2200577 450 001 9910465779203321 005 20200520144314.0 010 $a3-11-089208-1 024 7 $a10.1515/9783110892086 035 $a(CKB)3710000000718501 035 $a(SSID)ssj0001678312 035 $a(PQKBManifestationID)16488554 035 $a(PQKBTitleCode)TC0001678312 035 $a(PQKBWorkID)12748059 035 $a(PQKB)10563915 035 $a(MiAaPQ)EBC5048305 035 $a(DE-B1597)53297 035 $a(OCoLC)979748718 035 $a(DE-B1597)9783110892086 035 $a(Au-PeEL)EBL5048305 035 $a(CaPaEBR)ebr11604746 035 $a(EXLCZ)993710000000718501 100 $a20180922d1983 uy 0 101 0 $ager 135 $aurcnu|||||||| 181 $ctxt 182 $cc 183 $acr 200 14$aDas HGB und die Gegenwartsaufgaben des Handelsrechts $edie Handelsrechtskodifikation im Lichte der Praxis : Vortrag gehalten vor der Berliner Juristischen Gesellschaft am 9. Juni 1982 : erweiterte Fassung /$fvon Karsten Schmidt 205 $aReprint 2016 210 1$aBerlin ;$aNew York :$cWalter de Gruyter,$d1983. 215 $a1 online resource (48 pages) 225 1 $aSchriftenreihe der Juristischen Gesellschaft e.V. Berlin ;$vHeft 75 300 $aBibliographic Level Mode of Issuance: Monograph 311 $a3-11-009642-0 320 $aIncludes bibliographical references. 327 $tFrontmatter -- $tInhaltsübersicht -- $tI. Einführung -- $tII. Zum Wert einer Handelsrechtskodifikation -- $tIII. Das Versagen des Handelsgesetzbuchs vor den Aufgaben einer Handelsrechtskodifikation -- $tIV. Ausblick 410 0$aSchriftenreihe der Juristischen Gesellschaft zu Berlin ;$vHeft 75. 606 $aCommercial law$zGermany (West) 608 $aElectronic books. 615 0$aCommercial law 676 $a346.43/07 700 $aSchmidt$b Karsten$f1939-$0257317 712 02$aJuristische Gesellschaft (Berlin, Germany) 801 0$bMiAaPQ 801 1$bMiAaPQ 801 2$bMiAaPQ 906 $aBOOK 912 $a9910465779203321 996 $aDas HGB und die Gegenwartsaufgaben des Handelsrechts$92467899 997 $aUNINA LEADER 01242nam 2200373Ia 450 001 996386398103316 005 20221108065040.0 035 $a(CKB)4940000000077202 035 $a(EEBO)2240964603 035 $a(OCoLC)12411576 035 $a(EXLCZ)994940000000077202 100 $a19850822d1659 uy | 101 0 $aeng 135 $aurbn||||a|bb| 200 14$aThe pilgrims wish, or, The saints longing$b[electronic resource] $ediscussed in a sermon preached in St. Bennet Grace Church at the funeral of Mrs. Anne Dudson ... who departed this life the 4th day of January, 1658 ... /$fby Nath. Hardy .. 210 $aLondon $cPrinted by A.M. for Joseph Cranford ...$d1659 215 $a[4], 31 p 300 $aReproduction of original in Yale University Library. 330 $aeebo-0198 606 $aDeath$vSermons 606 $aFuneral sermons 606 $aSermons, English 615 0$aDeath 615 0$aFuneral sermons. 615 0$aSermons, English. 700 $aHardy$b Nathaniel$f1618-1670.$0821523 801 0$bEAA 801 1$bEAA 801 2$bm/c 801 2$bWaOLN 906 $aBOOK 912 $a996386398103316 996 $aThe pilgrims wish, or, The saints longing$92303355 997 $aUNISA